Einblicke in das Gerichtsdolmetschen in der Slowakei und seine methodisch-didaktischen Ansätze
Saved in:
| Main Author: | |
|---|---|
| Other Authors: | , |
| Format: | Book |
| Language: | German Slovak |
| Published: |
Hamburg
Verlag Dr. Kovač
2018
|
| Series: | Schriftenreihe: Translatologie
Band 18 |
| Subjects: | |
| Tags: |
No Tags, Be the first to tag this record!
|
MARC
| LEADER | 00000nam a2200000 4500 | ||
|---|---|---|---|
| 001 | 0247960 | ||
| 005 | 20240502083702.8 | ||
| 020 | |a 978-3-339-10066-5 | ||
| 041 | 0 | |a ger | |
| 041 | 0 | |a slo | |
| 044 | |a DE | ||
| 245 | 1 | 0 | |a Einblicke in das Gerichtsdolmetschen in der Slowakei und seine methodisch-didaktischen Ansätze |c Jozef Štefčík ; Rezensenten: Annette Djurovic, Vlasta Kučiš |
| 264 | 1 | |a Hamburg |b Verlag Dr. Kovač |c 2018 | |
| 300 | |a 144 s. [7 AH] | ||
| 490 | 1 | |a Schriftenreihe: Translatologie |v Band 18 | |
| 830 | 0 | |a Schriftenreihe: Translatologie |v Band 18 | |
| 610 | 2 | 0 | |a tlmočníctvo |
| 610 | 2 | 0 | |a prekladateľstvo |
| 610 | 2 | 0 | |a tlmočníci |
| 610 | 2 | 0 | |a súdy |
| 610 | 2 | 0 | |a metodika |
| 610 | 2 | 0 | |a didaktika |
| 610 | 2 | 0 | |a technika |
| 610 | 2 | 0 | |a komunikácia |
| 610 | 2 | 0 | |a diskusia |
| 610 | 2 | 0 | |a právo |
| 610 | 2 | 0 | |a pojmy |
| 610 | 2 | 0 | |a frazeológia |
| 610 | 2 | 0 | |a rétorika |
| 610 | 2 | 0 | |a Slovensko |
| 100 | 1 | |a Štefčík, Jozef, 1976- | |
| 700 | 1 | |a Djurovic, Annette | |
| 700 | 1 | |a Kučiš, Vlasta | |